00500 2200205 4500001002100000008004100021035002000062245006100082100001700143250000600160260003300166300001100199084001400210082000800224650001400232990001200246990001200258990001200270990001200282INLIS000000000000526 ind  a0010-0424000502 aSeluk Beluk Perusahaan Sewa Guna UsahacY.P. Ari Nugroho aNugroho, Ari a1 aKlaten :bIntan Sejatic2013 a76 hlm a332 ARI s a332 aNon Fiksi a0722132 a0722133 a0722134 a0722135